000 00385nam a2200133Ia 4500
003 GCL
008 140319s9999 xx 000 0 ara d
040 _aGCL /
_cGCL
082 0 4 _a257
_bم ا
245 1 0 _aاتمام الوفاء فى سيرة الخلفاء
260 _a[S.N] :
_bدار الكتب العلمية للنشر والتوزيع ،
_c1983
300 _a215 ص
490 _a
999 _c31538
_d31538